| 000 | 01129nam a2200301 a 4500 | ||
|---|---|---|---|
| 001 | 000112087 | ||
| 003 | CHAP | ||
| 005 | 20220329144245.0 | ||
| 008 | 151202s2015 mx a fsm |||||||spa d | ||
| 010 | _a108548 | ||
| 011 | _a109520 | ||
| 040 | _cCHAP | ||
| 090 | _aTesis | ||
| 100 | 1 |
_aValdes Zamora, Araceli _9130204 |
|
| 245 | 1 | 0 |
_aEvaluación del rendimiento de dos variedades de lechuga (Lactuca sativa L.) en un sistema acuapónico e hidropónico / _h[En línea] _cpor Araceli Valdes Zamora. |
| 260 |
_aChapingo, Méx. : _bEl autor, _c2015. |
||
| 500 | _aPara ver el contenido del material haga clic en la liga | ||
| 502 | _aTesis (Agr. en Horticultura Protegida) -- UACH. Departamento de Fitotecnia | ||
| 590 |
_aE11695DGD _b10 _c20151203 _lUCH01 _h0734 |
||
| 590 |
_aE6096MTM _b05 _c20151202 _lUCH01 _h1331 |
||
| 590 |
_aE6096MTM _b05 _c20151202 _lUCH01 _h1333 |
||
| 650 | 1 | 4 |
_aLechuga _xCultivos acuapónicos _xRendimiento. _9130208 |
| 650 | 1 | 4 |
_aLechuga _xCultivos hidropónicos. _9130209 |
| 856 |
_aFinding aid _uhttp://10.13.5.2/tesis/sist112087.pdf _zTeclea aquí |
||
| 901 | _aBK | ||
| 942 | _cTESIS | ||
| 942 | _n0 | ||
| 999 |
_c108548 _d108548 |
||